Datum a čas kvízu
31.5
Celkem bodů
Celkový počet nahraných bodů na tomto kvízu bez doplňovacích otázek.
4.
Pořadí na kvízu
Konečné umístění týmu na tomto kvízu.
Zaznamenané odpovědi
| # | Otázka | Odpověď | Body | Výsledky |
|---|---|---|---|---|
| 1. | Lele Ceterové, partnerce bojov... | Rocky | 1 | |
| 2. | Odstupující premiérce Angele M... | Nina Hagen | 1 | |
| 3. | Dva britští zpěváci společně n... | Ed Sheeran, Elton John | 0 | |
| 4. | Jen pár hodin po uvedení na tr... | o pivo | 1 | |
| 5. | Brankář týmu Arizona Coyotes s... | Karel Vejmelka | 1 | |
| 6. | Po slavných psech a koních při... | 1963 (Uznáváme 1960–66.) | 1 | |
| 7. | Kocoura na obrázku můžeme znát... | Sylvester | 0 | |
| 8. | Kočku na obrázku nejspíš někdy... | C. Tardar Sauce | 0 | |
| 9. | Neopomeneme ani slavné literár... | Šklíba | 0 | |
| 10. | Téma slavných koček zakončíme... | Bastet (též Baset, Baast, Ubaste) | 0 |